| 000 | 00989 a2200289 4500 | ||
|---|---|---|---|
| 999 |
_c22485 _d9147 |
||
| 001 | 22485 | ||
| 003 | TR-AnTOB | ||
| 005 | 20210421143744.0 | ||
| 008 | 041102s1999 tu tur | ||
| 040 |
_aTR-AnTOB _cTR-AnTOB |
||
| 041 | _atur | ||
| 050 |
_aDR548 _b.M87 1999 |
||
| 090 | _aDR548 .M87 1999 | ||
| 100 |
_aMustafa Hatti Efendi, _dapproximately 1680- _915922 |
||
| 245 | 0 |
_aViyana Sefaretnamesi / _cMustafa Hatti Efendi. ; yay. haz. Ali İbrahim Savaş. |
|
| 264 | 1 |
_aAnkara : _bAtatürk Kültür, Dil ve Tarih Yüksek Kurumu Türk Tarih Kurumu, _c1999 |
|
| 300 |
_axviii, 86 p. ; _c24 cm. |
||
| 490 | 0 |
_aAtatürk Kültür, Dil ve Tarih Yüksek Kurumu Türk Tarih Kurumu Yayınları; III. _aDizi Sayı; 28 |
|
| 500 | _aTürkçe-Osmanlıca. | ||
| 500 | _aIncludes index. | ||
| 504 | _aBibliography: p. 79-82. | ||
| 600 | 0 | 0 |
_aMustafa Hatti Efendi, _dapproximately 1680- _915922 |
| 651 | 7 |
_aViyana (Avusturya) _xTarih _2etuturkob _915924 |
|
| 902 | _a0007144 | ||
| 942 |
_cBK _2lcc |
||